| 000 | 00372nam a2200145Ia 4500 | ||
|---|---|---|---|
| 008 | 230312s9999||||xx |||||||||||||| ||und|| | ||
| 020 | _a81-265-0880-9 | ||
| 082 |
_a621.382 _bDEN-S |
||
| 100 | _aDennis;Alan | ||
| 245 | 0 | _aSystems analysis Design | |
| 260 |
_bWiley _aIndia _c2006 |
||
| 300 | _a555 | ||
| 650 |
_aEngineering _vElectrical Engineering/Computer |
||
| 942 | _cBK | ||
| 999 |
_c10525 _d10525 |
||